Teória grafov s aplikáciami v doprave
| Hlavní autor: | Fronc, Martin B., 1947- |
|---|---|
| Jazyk: | Čeština |
| Vydáno: |
Bratislava, 1975 |
| LEADER | 00502nam a22001692a 4500 | ||
|---|---|---|---|
| 001 | 000152911 | ||
| 003 | CZ BrMZK | ||
| 005 | 19961101143423.0 | ||
| 007 | ta | ||
| 008 | 950101s1975 xo f cze d | ||
| 040 | |a BOA001 |b cze | ||
| 100 | 1 | |a Fronc, Martin B., |d 1947- |7 jx20051011004 | |
| 245 | 1 | 0 | |a Teória grafov s aplikáciami v doprave |
| 260 | |a Bratislava, |c 1975 | ||
| 910 | |a BOA001 |b 4-0741.356 | ||
| 990 | |a BK | ||
| 996 | 7 | |b 2619949551 |c 4-0741.356 |l MZK |r Sklad / do 1 hodiny |n 4 |w 000152911 |u 000010 |a 1 |e BOA001 |j MZK50 |s A | |
English
Čeština 